| 000 | 00727nam a2200229Ia 4500 | ||
|---|---|---|---|
| 003 | GCL | ||
| 008 | 140319s9999 xx 000 0 ara d | ||
| 040 |
_aGCL / _cGCL |
||
| 082 | 0 | 4 |
_a190 _bج ر |
| 100 | 1 | _aجورج زيناتى | |
| 245 | 1 | 0 |
_aرحلات داخل الفسفية الغربية / _cجورج زيناتى |
| 260 |
_a[S.N] : _bدار المنتخب العربى للدراسات والنشر والتوزيع ، _c1993 |
||
| 300 | _a174 ص | ||
| 490 | _a | ||
| 650 | 0 | 4 | _aتاريخ |
| 650 | 0 | 4 | _aالفلسفة |
| 650 | 0 | 4 | _aالفلسفة الحديثة |
| 650 | 0 | 4 | _aالفلاسفة |
| 650 | 0 | 4 | _aالفلسفة الغربية |
| 650 | 0 | 4 | _aفلسفة العصور الوسطى |
| 942 |
_2ddc _cBK |
||
| 999 |
_c58979 _d58979 |
||